[Event "Skopje MKD"]
[Site "Skopje MKD"]
[Date "2014.03.31"]
[Round "4.15"]
[White "Kadric, Denis"]
[Black "Roiz, Michael"]
[Result "1/2-1/2"]
[WhiteElo "2485"]
[BlackElo "2591"]
[PlyCount "78"]
[EventDate "2014.03.29"]
[EventType "swiss"]
[EventRounds "9"]

1. e4 e5 2. Bc4 Nf6 3. d3 Nc6 4. Nf3 Bc5 5. O-O d6 6. c3 a6 7. Re1 h6 8. Nbd2
O-O 9. h3 Be6 10. b4 Ba7 11. a4 Qd7 12. a5 Ne7 13. Bxe6 fxe6 14. Nf1 Ng6 15.
Be3 Bxe3 16. Nxe3 Rf7 17. g3 Raf8 18. Nh2 d5 19. Nef1 c5 20. Qa4 Qd6 21. Rad1
Ne7 22. b5 Nh7 23. Rd2 Ng5 24. Kg2 dxe4 25. h4 Nf3 26. Nxf3 exf3+ 27. Kh2 Nd5
28. bxa6 bxa6 29. Qe4 Nxc3 30. Qxe5 Qd4 31. Qxd4 cxd4 32. Rxe6 Rf6 33. Rxf6
Rxf6 34. g4 h5 35. gxh5 Rf5 36. Kg3 Rxa5 37. Kxf3 Rxh5 38. Kg3 Rd5 39. Rc2 a5
1/2-1/2

[Event "Skopje MKD"]
[Site "Skopje MKD"]
[Date "2014.03.31"]
[Round "4.16"]
[White "Kozul, Zdenko"]
[Black "Zlatanovic, Boroljub"]
[Result "1-0"]
[WhiteElo "2586"]
[BlackElo "2398"]
[PlyCount "101"]
[EventDate "2014.03.29"]
[EventType "swiss"]
[EventRounds "9"]

1. d4 g6 2. c4 Bg7 3. Nf3 d6 4. Nc3 e5 5. dxe5 dxe5 6. Qxd8+ Kxd8 7. g3 f6 8.
Bg2 Na6 9. b3 Nh6 10. Ba3 Bf8 11. Bb2 Nf7 12. O-O-O+ Ke8 13. Nd2 c6 14. f4 Be6
15. Nce4 Bg7 16. fxe5 fxe5 17. Ba3 Bf8 18. Nf6+ Kd8 19. Bxf8 Rxf8 20. Nxh7 Rh8
21. Ng5 Nxg5 22. Ne4+ Ke7 23. Nxg5 Nc5 24. h4 a5 25. Ne4 Nd7 26. Kb2 a4 27.
Rhf1 Rhf8 28. Rxf8 Rxf8 29. Bf3 Ra8 30. Ng5 Nf6 31. Rd3 axb3 32. axb3 Bf5 33.
Re3 Nd7 34. Be4 Rf8 35. Rf3 Nc5 36. Bc2 b5 37. e4 Bg4 38. Rxf8 Kxf8 39. cxb5
cxb5 40. Kc3 Be2 41. Kb4 Nb7 42. Ne6+ Ke7 43. Nc7 Nd6 44. Kc5 Kd7 45. Nd5 Nb7+
46. Kb6 Nd6 47. Nc3 Bf1 48. Kc5 Ke6 49. Bd1 Nb7+ 50. Kb6 b4 51. Nd5 1-0

[Event "Skopje MKD"]
[Site "Skopje MKD"]
[Date "2014.03.31"]
[Round "4.17"]
[White "Pancevski, Filip"]
[Black "Parligras, Mircea Emilian"]
[Result "1/2-1/2"]
[WhiteElo "2466"]
[BlackElo "2572"]
[PlyCount "89"]
[EventDate "2014.03.29"]
[EventType "swiss"]
[EventRounds "9"]

1. e4 e5 2. Nf3 Nc6 3. Bc4 Bc5 4. d3 Nf6 5. Nbd2 O-O 6. O-O d6 7. c3 a5 8. Bb3
Be6 9. Ba4 h6 10. h3 Rb8 11. Re1 b5 12. Bc2 Re8 13. a3 Bb6 14. c4 b4 15. Ba4
Bd7 16. Nb3 Ne7 17. axb4 axb4 18. c5 Bxa4 19. Rxa4 Bxc5 20. Nxc5 dxc5 21. Nxe5
Nd7 22. Nxd7 Qxd7 23. Be3 Rb5 24. Qc2 Ng6 25. Rd1 Nf8 26. d4 cxd4 27. Rxd4 Qe7
28. Qc4 Reb8 29. Rd5 R5b7 30. Bc5 Qe8 31. b3 Nd7 32. Be3 Nf6 33. Rd4 c5 34.
Qxc5 Nxe4 35. Qc2 Nc3 36. Ra5 Rd7 37. Rg4 Rd6 38. Kh2 Rg6 39. Rxg6 fxg6 40. Qd3
Rb7 41. h4 Rd7 42. Qc4+ Kh7 43. Rc5 Ne4 44. Rc8 Qe5+ 45. f4 1/2-1/2

[Event "Skopje MKD"]
[Site "Skopje MKD"]
[Date "2014.03.31"]
[Round "4.19"]
[White "Can, Emre"]
[Black "Drazic, Sinisa"]
[Result "0-1"]
[WhiteElo "2524"]
[BlackElo "2415"]
[PlyCount "128"]
[EventDate "2014.03.29"]
[EventType "swiss"]
[EventRounds "9"]

1. d4 g6 2. c4 Bg7 3. Nf3 f5 4. g3 Nh6 5. Bg2 O-O 6. h4 d6 7. h5 Ng4 8. hxg6
hxg6 9. Nc3 c6 10. Bg5 Qe8 11. e4 fxe4 12. Nxe4 Qf7 13. Qe2 d5 14. Ned2 Qe6 15.
Bf4 Qxe2+ 16. Kxe2 dxc4 17. Nxc4 Nd7 18. Rh4 Nb6 19. Nce5 Nxe5 20. Bxe5 Nd5 21.
Rah1 Bf6 22. Rh6 Kf7 23. Rh7+ Ke8 24. Nh4 Bg4+ 25. Ke1 Bxh4 26. R1xh4 Bf5 27.
Rg7 Kd7 28. g4 Bb1 29. Rhh7 Rae8 30. a3 Nf4 31. Bxf4 Rxf4 32. d5 c5 33. d6 Kxd6
34. Bxb7 Rxg4 35. Ba6 Re4+ 36. Kf1 Re5 37. Rh3 Bf5 38. Rc3 Rh8 39. Kg2 Be4+ 40.
Kg3 Reh5 41. f3 Rh3+ 42. Kf2 Rf8 43. Be2 Rh2+ 44. Ke1 Bf5 45. Re3 Re8 46. b3 a5
47. Bb5 Rb8 48. a4 e5 49. Ra7 Rbh8 50. Re2 Kd5 51. Rxa5 Kd4 52. Kd2 Rxe2+ 53.
Bxe2 Be6 54. Ra6 Bxb3 55. Rd6+ Bd5 56. Rxg6 Rh2 57. Rg4+ e4 58. a5 c4 59. fxe4
c3+ 60. Kc1 Bb3 61. e5+ Kxe5 62. Bf3 Rc2+ 63. Kb1 Rb2+ 64. Kc1 Ra2 0-1

[Event "Skopje MKD"]
[Site "Skopje MKD"]
[Date "2014.03.31"]
[Round "4.20"]
[White "Kohlweyer, Bernd"]
[Black "Blagojevic, Dragisa"]
[Result "1/2-1/2"]
[WhiteElo "2416"]
[BlackElo "2517"]
[PlyCount "59"]
[EventDate "2014.03.29"]
[EventType "swiss"]
[EventRounds "9"]

1. d4 d5 2. c4 e6 3. Nf3 Nf6 4. g3 dxc4 5. Bg2 Bb4+ 6. Bd2 a5 7. O-O Nc6 8. e3
O-O 9. Qe2 Bd6 10. Na3 e5 11. Nxe5 Bxe5 12. dxe5 Nxe5 13. Bc3 Qe7 14. Nxc4 Bg4
15. f3 Nxc4 16. fxg4 Qxe3+ 17. Rf2 Qxe2 18. Rxe2 c6 19. Re7 Nd6 20. g5 Nd5 21.
Bxd5 cxd5 22. Rd1 d4 23. Bxd4 Nf5 24. Re5 Nxd4 25. Rxd4 Rac8 26. Rd2 b6 27. Re7
Rc6 28. Kg2 h6 29. gxh6 Rxh6 30. Rb7 1/2-1/2

[Event "Skopje MKD"]
[Site "Skopje MKD"]
[Date "2014.03.31"]
[Round "4.21"]
[White "Stanojoski, Zvonko"]
[Black "Antipov, Mikhail Al"]
[Result "0-1"]
[WhiteElo "2415"]
[BlackElo "2507"]
[PlyCount "102"]
[EventDate "2014.03.29"]
[EventType "swiss"]
[EventRounds "9"]

1. c4 e5 2. Nc3 Bb4 3. g3 Bxc3 4. dxc3 d6 5. Bg2 Nf6 6. b3 O-O 7. e4 a5 8. a4
Nbd7 9. Ne2 Nc5 10. Qc2 Be6 11. h3 b5 12. axb5 a4 13. bxa4 Bxc4 14. O-O Bxb5
15. Be3 Bxa4 16. Qb1 Rb8 17. Qe1 Nfd7 18. c4 Bc2 19. Nc1 Ra8 20. Rxa8 Qxa8 21.
f3 Qa3 22. Qd2 Rb8 23. Rf2 Ba4 24. Bf1 Bc6 25. Qe1 Rb1 26. Rc2 Qa8 27. Qc3 Ra1
28. Qb2 Ra7 29. Nd3 Rb7 30. Qc1 Ne6 31. Qd2 Rb3 32. Nb4 Ndc5 33. Ra2 Qb7 34.
Nd5 f6 35. h4 Nd4 36. Kf2 Rb1 37. Ne7+ Kf8 38. Nxc6 Nxc6 39. Bxc5 dxc5 40. Qd5
Rb2+ 41. Rxb2 Qxb2+ 42. Be2 Nd4 43. Qd8+ Kf7 44. Qd7+ Kg6 45. Qg4+ Kh6 46. f4
Qxe2+ 47. Qxe2 Nxe2 48. Kxe2 exf4 49. gxf4 Kh5 50. e5 fxe5 51. fxe5 Kg6 0-1

[Event "Skopje MKD"]
[Site "Skopje MKD"]
[Date "2014.03.31"]
[Round "4.22"]
[White "Tomazini, Zan"]
[Black "Semcesen, Daniel"]
[Result "1/2-1/2"]
[WhiteElo "2286"]
[BlackElo "2502"]
[PlyCount "38"]
[EventDate "2014.03.29"]
[EventType "swiss"]
[EventRounds "9"]

1. e4 e5 2. Nf3 Nc6 3. d4 exd4 4. Nxd4 g6 5. Nc3 Bg7 6. Be3 Nf6 7. g3 O-O 8.
Bg2 d6 9. h3 Re8 10. O-O Bd7 11. Qd2 a6 12. Rfe1 Rb8 13. Rad1 Nxd4 14. Bxd4 Bc6
15. Nd5 Bxd5 16. exd5 Qd7 17. c4 Rxe1+ 18. Rxe1 Re8 19. b4 Rxe1+ 1/2-1/2

[Event "Skopje MKD"]
[Site "Skopje MKD"]
[Date "2014.03.31"]
[Round "4.23"]
[White "Ivanisevic, Ivan"]
[Black "Videnova, Iva"]
[Result "1-0"]
[WhiteElo "2633"]
[BlackElo "2251"]
[PlyCount "65"]
[EventDate "2014.03.29"]
[EventType "swiss"]
[EventRounds "9"]

1. d4 Nf6 2. c4 g6 3. f3 Nc6 4. d5 Ne5 5. e4 d6 6. Nc3 Bg7 7. f4 Ned7 8. Nh3
O-O 9. Nf2 Nc5 10. Be2 e6 11. O-O exd5 12. cxd5 Re8 13. Bf3 b5 14. a3 a5 15.
Re1 Rb8 16. Bd2 b4 17. axb4 axb4 18. Na2 b3 19. Nb4 Bb7 20. Bc3 Nfd7 21. Bxg7
Kxg7 22. Qd2 Ra8 23. Rxa8 Qxa8 24. Nbd3 Qa4 25. Qc3+ f6 26. Nxc5 Nxc5 27. Ng4
Rf8 28. e5 h5 29. exf6+ Kh8 30. f7+ Kh7 31. Nf6+ Kh6 32. Nxh5 gxh5 33. Qf6+ 1-0

[Event "Skopje MKD"]
[Site "Skopje MKD"]
[Date "2014.03.31"]
[Round "4.25"]
[White "Nikolov, Sasho"]
[Black "Georgiev, Kiril"]
[Result "0-1"]
[WhiteElo "2358"]
[BlackElo "2625"]
[PlyCount "72"]
[EventDate "2014.03.29"]
[EventType "swiss"]
[EventRounds "9"]

1. d4 Nf6 2. Nf3 e6 3. c4 b6 4. a3 Ba6 5. Qc2 Bb7 6. Nc3 c5 7. dxc5 Bxc5 8. Bg5
h6 9. Bh4 O-O 10. e4 Be7 11. O-O-O Nc6 12. e5 Ng4 13. Bg3 f6 14. exf6 Nxf6 15.
Nb5 Rc8 16. Kb1 d5 17. Bd3 a6 18. Qe2 axb5 19. Qxe6+ Kh8 20. cxb5 Bc5 21. bxc6
Rxc6 22. Qe2 Qa8 23. Ne5 Re8 24. Bb5 d4 25. Rhe1 Rce6 26. Bxe8 Be4+ 27. Nd3
Rxe8 28. f3 Bg6 29. Qd2 Rc8 30. Be5 Ng8 31. Re2 Qd5 32. Ka1 Bf7 33. b4 Qb3 34.
bxc5 Ra8 35. Qb2 Rxa3+ 36. Kb1 Qxd1+ 0-1

[Event "Skopje MKD"]
[Site "Skopje MKD"]
[Date "2014.03.31"]
[Round "4.26"]
[White "Peralta, Fernando"]
[Black "Tesik, Csaba"]
[Result "1-0"]
[WhiteElo "2613"]
[BlackElo "2344"]
[PlyCount "47"]
[EventDate "2014.03.29"]
[EventType "swiss"]
[EventRounds "9"]

1. d4 Nf6 2. c4 e6 3. Nc3 Bb4 4. e3 O-O 5. Bd3 d5 6. Nf3 c5 7. O-O dxc4 8. Bxc4
Nbd7 9. Qe2 b6 10. Rd1 Bb7 11. d5 exd5 12. Nxd5 Nxd5 13. Bxd5 Bxd5 14. Rxd5 Qe7
15. a3 Ba5 16. b4 cxb4 17. Bb2 bxa3 18. Bxa3 Qf6 19. Qa2 Rfd8 20. Rd6 Qe7 21.
Nd4 Ne5 22. Qd5 Rac8 23. Rxd8+ Rxd8 24. Qxa5 1-0

[Event "Skopje MKD"]
[Site "Skopje MKD"]
[Date "2014.03.31"]
[Round "4.27"]
[White "Atakisi, Umut"]
[Black "Fier, Alexandr Hilario T"]
[Result "1/2-1/2"]
[WhiteElo "2340"]
[BlackElo "2595"]
[PlyCount "43"]
[EventDate "2014.03.29"]
[EventType "swiss"]
[EventRounds "9"]

1. e4 c5 2. Nf3 d6 3. Bb5+ Nc6 4. O-O Bd7 5. Re1 Nf6 6. h3 a6 7. Bf1 e5 8. c3
g5 9. d4 g4 10. hxg4 Bxg4 11. dxc5 Rg8 12. Na3 Nh5 13. Qd3 Qf6 14. Nh2 Be6 15.
Nc4 dxc5 16. Nb6 Rd8 17. Nd5 Qg6 18. Nc7+ Ke7 19. Nd5+ Ke8 20. Nc7+ Ke7 21.
Nd5+ Ke8 22. Nc7+ 1/2-1/2

[Event "Skopje MKD"]
[Site "Skopje MKD"]
[Date "2014.03.31"]
[Round "4.28"]
[White "Radovanovic, Nikola"]
[Black "Grigoriants, Sergey"]
[Result "1/2-1/2"]
[WhiteElo "2308"]
[BlackElo "2574"]
[PlyCount "29"]
[EventDate "2014.03.29"]
[EventType "swiss"]
[EventRounds "9"]

1. d4 Nf6 2. c4 g6 3. Nc3 d5 4. cxd5 Nxd5 5. Bd2 Nb6 6. e3 Bg7 7. f4 O-O 8. Nf3
N8d7 9. e4 Nb8 10. Be3 Bg4 11. Be2 Nc6 12. f5 Bxf3 13. Bxf3 Nc4 14. Qe2 Nxe3
15. Qxe3 1/2-1/2

[Event "Skopje MKD"]
[Site "Skopje MKD"]
[Date "2014.03.31"]
[Round "4.29"]
[White "Bojovic, Dusan"]
[Black "Salem, Aylem"]
[Result "1/2-1/2"]
[WhiteElo "2284"]
[BlackElo "2558"]
[PlyCount "89"]
[EventDate "2014.03.29"]
[EventType "swiss"]
[EventRounds "9"]

1. e4 e5 2. Nf3 Nc6 3. d4 exd4 4. Nxd4 Bc5 5. Be3 Qf6 6. c3 Nge7 7. g3 h5 8.
Nc2 b6 9. Bg2 Ba6 10. f4 h4 11. Nd2 O-O-O 12. Bxc5 bxc5 13. Qg4 hxg3 14. hxg3
Rxh1+ 15. Bxh1 g5 16. e5 Qh8 17. O-O-O gxf4 18. gxf4 Rg8 19. Qf3 Qh2 20. Qe3
Rg4 21. Bf3 Rxf4 22. Rh1 Rxf3 23. Qxf3 Qxe5 24. Qxf7 Nd8 25. Qf8 Nec6 26. Nb3
Qg5+ 27. Kb1 Bd3 28. Rd1 Qg6 29. Qf2 d6 30. Nc1 Be4 31. b3 Ne5 32. Rg1 Qh5 33.
Kb2 Ndc6 34. Ne3 Bf3 35. Qc2 Qh6 36. Re1 Qh8 37. Qf5+ Kb7 38. Rf1 Ne7 39. Qf4
Qh3 40. Rf2 N7c6 41. Rh2 Qe6 42. Qf5 Qg8 43. Rh3 Ne7 44. Qh7 Qe6 45. Rg3
1/2-1/2

[Event "Skopje MKD"]
[Site "Skopje MKD"]
[Date "2014.03.31"]
[Round "4.30"]
[White "Djukic, Nikola"]
[Black "Vucinic, Gojko"]
[Result "1-0"]
[WhiteElo "2551"]
[BlackElo "2343"]
[PlyCount "67"]
[EventDate "2014.03.29"]
[EventType "swiss"]
[EventRounds "9"]

1. e4 c5 2. Nf3 d6 3. d4 cxd4 4. Nxd4 Nf6 5. Nc3 g6 6. Be3 Bg7 7. f3 Nc6 8. Bc4
O-O 9. Bb3 Na5 10. h4 h5 11. Qd2 Bd7 12. O-O-O Nxb3+ 13. Nxb3 b5 14. Bh6 a5 15.
Nd4 a4 16. Nd5 Nxd5 17. exd5 Qa5 18. Bxg7 Qxd2+ 19. Rxd2 Kxg7 20. a3 Rac8 21.
Re1 Kf6 22. Ne2 Rc4 23. g3 Rfc8 24. c3 R8c5 25. Nf4 Bf5 26. Kd1 Rc7 27. Ng2 Bc8
28. Ne3 R4c5 29. Rd4 Bb7 30. Ke2 Rc8 31. Kf2 Rg8 32. g4 Rh8 33. Kg3 Kg7 34.
Red1 1-0

[Event "Skopje MKD"]
[Site "Skopje MKD"]
[Date "2014.03.31"]
[Round "4.31"]
[White "Baron, Tal"]
[Black "Marjanovic, Dejan"]
[Result "1/2-1/2"]
[WhiteElo "2513"]
[BlackElo "2313"]
[PlyCount "51"]
[EventDate "2014.03.29"]
[EventType "swiss"]
[EventRounds "9"]

1. Nf3 Nf6 2. c4 g6 3. Nc3 Bg7 4. e4 d6 5. d4 O-O 6. h3 c5 7. d5 e6 8. Bd3 exd5
9. exd5 Re8+ 10. Be3 Nh5 11. O-O Nd7 12. Qd2 Ne5 13. Be2 Nxf3+ 14. Bxf3 Nf6 15.
a3 Nd7 16. Rae1 Ne5 17. Be2 f5 18. Kh2 Bd7 19. f4 Ng4+ 20. Bxg4 fxg4 21. hxg4
Qh4+ 22. Kg1 Qxg4 23. b4 b6 24. Nd1 Bf5 25. Rf3 Qh4 26. Bf2 1/2-1/2

[Event "Skopje MKD"]
[Site "Skopje MKD"]
[Date "2014.03.31"]
[Round "4.32"]
[White "Nedev, Trajce"]
[Black "Toth, Aleksandar"]
[Result "1/2-1/2"]
[WhiteElo "2504"]
[BlackElo "2306"]
[PlyCount "95"]
[EventDate "2014.03.29"]
[EventType "swiss"]
[EventRounds "9"]

1. e4 d5 2. exd5 Qxd5 3. Nc3 Qd6 4. d4 Nf6 5. Nf3 g6 6. Nb5 Qb6 7. c4 c6 8. Nc3
Bg7 9. Be2 O-O 10. O-O Rd8 11. a3 Bg4 12. Be3 Nbd7 13. b4 Qc7 14. Rc1 Ne8 15.
Qb3 Bxf3 16. Bxf3 Nd6 17. g4 e6 18. h3 a6 19. Bg2 Rac8 20. Rfd1 Qb8 21. c5 Nb5
22. Ne2 Nf6 23. Bf4 Qa8 24. a4 Nc7 25. Ng3 Ncd5 26. Be5 Ne8 27. Ne4 f6 28. Bg3
Bh6 29. g5 Bxg5 30. Nxg5 fxg5 31. Be5 Ng7 32. Qg3 h6 33. h4 Nf5 34. Qg4 Nxb4
35. h5 Kh7 36. Rc3 Rg8 37. Rh3 Rcf8 38. Be4 Qc8 39. Rb1 Nd5 40. Rhb3 Rf7 41.
Kh1 gxh5 42. Qxh5 Rg6 43. Qe2 a5 44. Qd2 Nb4 45. Rg1 Qd8 46. Rh3 Nd5 47. f3 Kg8
48. Qh2 1/2-1/2

[Event "Skopje MKD"]
[Site "Skopje MKD"]
[Date "2014.03.31"]
[Round "4.33"]
[White "Henrichs, Thomas"]
[Black "Basso, Pier Luigi"]
[Result "1-0"]
[WhiteElo "2496"]
[BlackElo "2304"]
[PlyCount "119"]
[EventDate "2014.03.29"]
[EventType "swiss"]
[EventRounds "9"]

1. d4 f5 2. g3 Nf6 3. Bg2 d6 4. Nf3 g6 5. O-O Bg7 6. b3 O-O 7. Bb2 c6 8. c4 Qc7
9. d5 e5 10. dxe6 Bxe6 11. Nc3 Na6 12. Ng5 Bd7 13. Qd2 h6 14. Nf3 Be6 15. Rad1
Rad8 16. Nd4 Bf7 17. e4 fxe4 18. Nxe4 Nxe4 19. Bxe4 Nc5 20. Bg2 Rfe8 21. Rfe1
Qd7 22. Rxe8+ Rxe8 23. Nf3 Ne4 24. Qc2 Qe7 25. Bxg7 Kxg7 26. Re1 d5 27. Nd2 Qb4
28. Bxe4 dxe4 29. Re3 Qd6 30. Qc3+ Qe5 31. Qxe5+ Rxe5 32. Nxe4 Re7 33. h4 Rd7
34. Kf1 b5 35. cxb5 cxb5 36. Ke2 a5 37. Rd3 Re7 38. Ke3 a4 39. bxa4 Bxa2 40.
axb5 Bc4 41. Rd6 Bxb5 42. f3 Ba4 43. Kf2 Be8 44. g4 Bf7 45. Kg3 Be8 46. Nc5 Bf7
47. Na6 Be8 48. Kf4 Rd7 49. Rxd7+ Bxd7 50. Nc5 Bc6 51. Ne4 Bb5 52. g5 hxg5+ 53.
hxg5 Be2 54. Nc3 Bd3 55. Ke5 Kf7 56. Kd6 Bc2 57. Nb5 Bd1 58. Nd4 Ba4 59. f4 Bd1
60. Nc6 1-0

[Event "Skopje MKD"]
[Site "Skopje MKD"]
[Date "2014.03.31"]
[Round "4.34"]
[White "Franco Alonso, Alejandro"]
[Black "Ilic, Zoran S"]
[Result "1/2-1/2"]
[WhiteElo "2489"]
[BlackElo "2297"]
[PlyCount "38"]
[EventDate "2014.03.29"]
[EventType "swiss"]
[EventRounds "9"]

1. d4 Nf6 2. c4 e6 3. Nf3 c5 4. d5 d6 5. Nc3 exd5 6. cxd5 g6 7. Bf4 a6 8. a4
Bg7 9. h3 Qe7 10. e3 O-O 11. Be2 Nbd7 12. Nd2 Ne8 13. O-O Rb8 14. Nc4 Ne5 15.
Nb6 Nc7 16. Rb1 Na8 17. Nxc8 Rfxc8 18. Qd2 Nb6 19. Bxe5 Bxe5 1/2-1/2

[Event "Skopje MKD"]
[Site "Skopje MKD"]
[Date "2014.03.31"]
[Round "4.35"]
[White "Aharon, Ofir"]
[Black "Firat, Burak"]
[Result "1/2-1/2"]
[WhiteElo "2316"]
[BlackElo "2480"]
[PlyCount "107"]
[EventDate "2014.03.29"]
[EventType "swiss"]
[EventRounds "9"]

1. e4 c5 2. Nf3 d6 3. d4 cxd4 4. Nxd4 Nf6 5. Nc3 g6 6. Be3 Bg7 7. f3 a6 8. Bc4
b5 9. Bb3 Bb7 10. Qd2 Nbd7 11. g4 Nc5 12. Bh6 Nxb3 13. axb3 Bxh6 14. Qxh6 Qc7
15. O-O-O O-O-O 16. Rhe1 e5 17. Nde2 b4 18. Qg5 Qe7 19. Na4 h5 20. gxh5 Rxh5
21. Qg1 Bc6 22. Ng3 Rhh8 23. Nb6+ Kb8 24. Nc4 Qc7 25. Nf1 d5 26. exd5 Nxd5 27.
Nxe5 Bb7 28. Kb1 Rc8 29. Nc4 a5 30. Rd4 Nb6 31. Nxb6 Qxb6 32. Qg3+ Ka8 33. Red1
Qc6 34. Ne3 Qxf3 35. Qxf3 Bxf3 36. Rf1 Rh3 37. Nc4 Rc7 38. Nxa5 f5 39. Rxb4 Be4
40. Rf2 Rch7 41. Rb6 Rxh2 42. Rxh2 Rxh2 43. Rxg6 f4 44. Rf6 f3 45. Nc4 Rxc2 46.
Ka2 f2 47. Ne3 Rc5 48. Rf8+ Ka7 49. b4 Rf5 50. Rxf5 Bxf5 51. Kb3 Bd3 52. Kc3
Bb5 53. Kd4 Kb6 54. Ke4 1/2-1/2

[Event "Skopje MKD"]
[Site "Skopje MKD"]
[Date "2014.03.31"]
[Round "4.36"]
[White "Pavlidis, Antonios"]
[Black "Piasetski, Leon David"]
[Result "1-0"]
[WhiteElo "2463"]
[BlackElo "2293"]
[PlyCount "85"]
[EventDate "2014.03.29"]
[EventType "swiss"]
[EventRounds "9"]

1. e4 c5 2. Nf3 e6 3. d4 cxd4 4. Nxd4 a6 5. Bd3 Bc5 6. Nb3 Be7 7. Be3 d6 8.
N1d2 Nf6 9. f4 Nc6 10. c3 e5 11. f5 d5 12. Qf3 g6 13. exd5 Nxd5 14. Bh6 gxf5
15. Bxf5 Bxf5 16. Qxf5 Qd7 17. O-O Qxf5 18. Rxf5 Rg8 19. Ne4 Rg6 20. Bd2 f6 21.
Rh5 O-O-O 22. Rf1 Rd7 23. Nbc5 Bxc5+ 24. Nxc5 Rdg7 25. g3 Nde7 26. Ne6 Rg8 27.
Rxh7 f5 28. Nc5 Rd6 29. Be3 f4 30. Ne4 Rd3 31. Bc5 Nf5 32. Rf7 Ne3 33. Bxe3
Rxe3 34. Nd6+ Kb8 35. Rxb7+ Ka8 36. Rc7 Nd8 37. Rc8+ Ka7 38. Nf7 fxg3 39. Nxd8
gxh2+ 40. Kh1 Rg1+ 41. Rxg1 hxg1=Q+ 42. Kxg1 Re2 43. Kf1 1-0

[Event "Skopje MKD"]
[Site "Skopje MKD"]
[Date "2014.03.31"]
[Round "4.37"]
[White "Arnaudov, Petar G"]
[Black "Ozturk, Kubra"]
[Result "0-1"]
[WhiteElo "2459"]
[BlackElo "2288"]
[PlyCount "94"]
[EventDate "2014.03.29"]
[EventType "swiss"]
[EventRounds "9"]

1. Nf3 d5 2. c4 dxc4 3. g3 c6 4. Bg2 Nf6 5. O-O g6 6. Qc2 Bg7 7. Qxc4 O-O 8. d3
b5 9. Qc2 Bb7 10. Nbd2 Nbd7 11. b3 c5 12. Bb2 Qb6 13. Rac1 Rac8 14. e4 Rfd8 15.
Qb1 Nf8 16. Rfd1 Ne6 17. a3 h5 18. h3 Bh6 19. Bc3 Qa6 20. Bb2 Qb6 21. Bc3 Qa6
22. a4 bxa4 23. Ne5 Rb8 24. Rc2 axb3 25. Rb2 Nd4 26. Bxd4 cxd4 27. Nxb3 Qd6 28.
Nc4 Qc7 29. Rc2 e5 30. Qa2 Bc8 31. Ra1 Be6 32. Qa5 Rdc8 33. Qxc7 Rxc7 34. Nba5
Nd7 35. Kf1 Rb5 36. h4 Nb6 37. Ne3 Rxc2 38. Nxc2 Bd2 39. Nc6 Rc5 40. N2b4 a5
41. Ne7+ Kf8 42. Nbd5 Nxd5 43. Nxd5 Bc3 44. Ra2 Rb5 45. Bf3 Bh3+ 46. Kg1 Rb1+
47. Kh2 Bf1 0-1

[Event "Skopje MKD"]
[Site "Skopje MKD"]
[Date "2014.03.31"]
[Round "4.38"]
[White "Zupe, Miran"]
[Black "Berescu, Alin Mile"]
[Result "1/2-1/2"]
[WhiteElo "2278"]
[BlackElo "2459"]
[PlyCount "44"]
[EventDate "2014.03.29"]
[EventType "swiss"]
[EventRounds "9"]

1. d4 d5 2. c4 c6 3. e3 e6 4. Nf3 f5 5. Bd3 Nf6 6. O-O Bd6 7. b3 Qe7 8. Bb2 O-O
9. Qc1 b6 10. Nc3 Ne4 11. Ne5 Bb7 12. f3 Ng5 13. f4 Ne4 14. Be2 Nf6 15. Qd2
Nbd7 16. Bf3 Rac8 17. Rfd1 Ba6 18. Qe2 Rfd8 19. Rac1 Bb4 20. Nb1 Bd6 21. Nc3
Bb4 22. Nb1 Bd6 1/2-1/2

[Event "Skopje MKD"]
[Site "Skopje MKD"]
[Date "2014.03.31"]
[Round "4.39"]
[White "Dimitrov, Radoslav"]
[Black "Davletbayeva, Madina"]
[Result "0-1"]
[WhiteElo "2459"]
[BlackElo "2284"]
[PlyCount "88"]
[EventDate "2014.03.29"]
[EventType "swiss"]
[EventRounds "9"]

1. Nc3 Nf6 2. Nf3 Nc6 3. g3 e5 4. d3 d5 5. Bg2 Be7 6. O-O h6 7. e4 d4 8. Ne2
Bg4 9. h3 Be6 10. c3 dxc3 11. bxc3 Qd7 12. d4 exd4 13. e5 Nd5 14. Nfxd4 Nxd4
15. cxd4 Bxh3 16. Bxh3 Qxh3 17. Qb3 O-O-O 18. Rb1 b6 19. Nf4 Nxf4 20. Bxf4 g5
21. Be3 h5 22. Qxf7 h4 23. Qf3 hxg3 24. Qg2 gxf2+ 25. Bxf2 Qxg2+ 26. Kxg2 Rd5
27. Rh1 Rxh1 28. Rxh1 Kd7 29. Kf3 Ra5 30. Rh7 Rxa2 31. Be3 Ke8 32. e6 Ra5 33.
Rh8+ Bf8 34. Kg4 Rd5 35. Bxg5 Rxd4+ 36. Kf5 Rd1 37. e7 Rf1+ 38. Ke6 Re1+ 39.
Kd5 Rxe7 40. Bxe7 Kxe7 41. Rh7+ Kf6 42. Rh1 Bd6 43. Rf1+ Ke7 44. Kc6 a5 {.....}
0-1

[Event "Skopje MKD"]
[Site "Skopje MKD"]
[Date "2014.03.31"]
[Round "4.40"]
[White "Bogdanovski, Vlatko"]
[Black "Vatter, Hans Joachim"]
[Result "1/2-1/2"]
[WhiteElo "2447"]
[BlackElo "2275"]
[PlyCount "38"]
[EventDate "2014.03.29"]
[EventType "swiss"]
[EventRounds "9"]

1. d4 Nf6 2. Nf3 d5 3. c4 e6 4. Nc3 dxc4 5. e3 a6 6. Bxc4 b5 7. Bd3 Bb7 8. a3
c5 9. dxc5 Bxc5 10. b4 Be7 11. Bb2 Nbd7 12. O-O Rc8 13. Qe2 Qc7 14. Rfc1 Qb8
15. a4 Bxb4 16. axb5 axb5 17. Nxb5 O-O 18. Rcb1 Be7 19. Nfd4 Ne5 1/2-1/2

[Event "Skopje MKD"]
[Site "Skopje MKD"]
[Date "2014.03.31"]
[Round "4.41"]
[White "Sanal, Vahap"]
[Black "Kokol, Peter"]
[Result "1-0"]
[WhiteElo "2442"]
[BlackElo "2271"]
[PlyCount "61"]
[EventDate "2014.03.29"]
[EventType "swiss"]
[EventRounds "9"]

1. e4 c5 2. Nf3 Nc6 3. d4 cxd4 4. Nxd4 Nf6 5. Nc3 d6 6. Bg5 e6 7. Qd2 a6 8.
O-O-O Bd7 9. f3 Be7 10. Be3 Qc7 11. g4 Ne5 12. g5 Nh5 13. f4 Nc4 14. Bxc4 Qxc4
15. Rhf1 b5 16. Kb1 b4 17. Nce2 a5 18. Ng3 Nxg3 19. hxg3 a4 20. e5 d5 21. Rh1
Bc5 22. Nf3 b3 23. Bxc5 bxa2+ 24. Ka1 Qxc5 25. Nd4 Ke7 26. g4 Rab8 27. f5 Bb5
28. Rh3 Rhc8 29. Rxh7 Be8 30. fxe6 Qb6 31. Nf5+ 1-0

[Event "Skopje MKD"]
[Site "Skopje MKD"]
[Date "2014.03.31"]
[Round "4.42"]
[White "Papadimitriou, Athanasios"]
[Black "Abramovic, Bosko"]
[Result "1/2-1/2"]
[WhiteElo "2261"]
[BlackElo "2437"]
[PlyCount "130"]
[EventDate "2014.03.29"]
[EventType "swiss"]
[EventRounds "9"]

1. Nf3 g6 2. g3 Bg7 3. d4 Nf6 4. Bg2 O-O 5. O-O d6 6. Nc3 Nbd7 7. e4 e5 8. a4
a5 9. h3 c6 10. Re1 Qc7 11. Be3 Re8 12. Qd2 exd4 13. Bxd4 Ne5 14. Nxe5 dxe5 15.
Bc5 Nd7 16. Bd6 Qb6 17. Rad1 Bf8 18. b3 Bxd6 19. Qxd6 Qc5 20. Qxc5 Nxc5 21. Rd2
Be6 22. Red1 Kf8 23. f4 f6 24. f5 Bf7 25. Kf2 Ke7 26. Ke3 Rg8 27. g4 h5 28. Bf3
hxg4 29. hxg4 Rh8 30. Kf2 Rh2+ 31. Bg2 Rg8 32. Kg3 Rh7 33. Bf3 Rgh8 34. Bg2 Be8
35. Rf2 Rg8 36. Bf3 Bd7 37. Rh2 Rxh2 38. Kxh2 Na6 39. Kh3 Nc7 40. Ne2 Ne8 41.
Ng3 Nd6 42. Be2 b5 43. Ra1 b4 44. Rd1 Rg7 45. Bf3 Be8 46. Nf1 Bf7 47. Ne3 Rg8
48. Kg3 Rh8 49. Rd2 g5 50. Rd1 Nb7 51. Bg2 Nc5 52. Kf3 Nd7 53. Bf1 Nb6 54. Kg3
Rb8 55. Kf3 c5 56. Bb5 Rh8 57. Kg3 Rc8 58. Bc4 Bxc4 59. Nxc4 Nxc4 60. bxc4 Rb8
61. Rd3 Rb7 62. Kg2 Rb6 63. Kg3 Rb8 64. Kg2 Rb6 65. Kg3 Rb7 1/2-1/2

[Event "Skopje MKD"]
[Site "Skopje MKD"]
[Date "2014.03.31"]
[Round "4.43"]
[White "Veleski, Robert"]
[Black "Arsovic, Goran"]
[Result "1/2-1/2"]
[WhiteElo "2248"]
[BlackElo "2434"]
[PlyCount "93"]
[EventDate "2014.03.29"]
[EventType "swiss"]
[EventRounds "9"]

1. e4 c5 2. Nf3 d6 3. d4 cxd4 4. Nxd4 Nf6 5. Nc3 a6 6. a4 e5 7. Nb3 Be7 8. Bc4
O-O 9. O-O Be6 10. Bxe6 fxe6 11. f4 Qb6+ 12. Kh1 Qc6 13. Qd3 Nbd7 14. Qh3 Nc5
15. Nxc5 dxc5 16. Be3 exf4 17. Rxf4 Nd7 18. Raf1 Rxf4 19. Rxf4 Rf8 20. Rxf8+
Nxf8 21. Qh5 b5 22. axb5 axb5 23. Qf3 Ng6 24. e5 Qxf3 25. gxf3 Nxe5 26. Nxb5
Nxf3 27. c4 Ne5 28. b3 Kf7 29. Nc3 Ke8 30. Ne4 Nd3 31. Kg2 Kd7 32. h4 Kc6 33.
h5 Ne5 34. h6 gxh6 35. Bxh6 Ng6 36. Kh3 Nh4 37. Bg5 Bxg5 38. Nxg5 Nf5 39. Nxe6
Nd4 40. Nf4 Kd6 41. Kg4 Nxb3 42. Kg5 Nc1 43. Kh6 Ke5 44. Nd5 Nb3 45. Nb6 Kd4
46. Na4 Kxc4 47. Nxc5 1/2-1/2